Teach with Television a Guide t Instructional TV / (Record no. 183302)

000 -LEADER
fixed length control field 00916 a2200205 4500
003 - CONTROL NUMBER IDENTIFIER
control field Nust
005 - DATE AND TIME OF LATEST TRANSACTION
control field 20250926175850.0
020 ## - INTERNATIONAL STANDARD BOOK NUMBER
International Standard Book Number 803870183
040 ## - CATALOGING SOURCE
Transcribing agency Nust
082 ## - DEWEY DECIMAL CLASSIFICATION NUMBER
Classification number 621.388,COS
100 ## - MAIN ENTRY--PERSONAL NAME
Personal name Lawrence F. Costello
9 (RLIN) 130742
245 ## - TITLE STATEMENT
Title Teach with Television a Guide t Instructional TV /
Statement of responsibility, etc. Lawrence F. Costello
250 ## - EDITION STATEMENT
Edition statement 2nd ed.
260 ## - PUBLICATION, DISTRIBUTION, ETC.
Place of publication, distribution, etc. New York
Name of publisher, distributor, etc. Hastings House
Date of publication, distribution, etc. 1965
300 ## - PHYSICAL DESCRIPTION
Extent 192p
505 ## - FORMATTED CONTENTS NOTE
Formatted contents note Introduction (Page-7),Instructional Television (Page-11),The Limits of Television (Page-24),The Television Studio (Page-41),The Televised Lesson (Page-70),Organization Of The Installation (Page-88),Teaching the Lesson (Page-100),Using the Lesson (Page-109),Administration and Television (Page-135),Financing Instructional Television (Page-149),Evaluation the Results (Page-160),Summing Up (Page-172).
600 ## - SUBJECT ADDED ENTRY--PERSONAL NAME
Personal name Lawrence F.Costello
9 (RLIN) 130743
650 ## - SUBJECT ADDED ENTRY--TOPICAL TERM
Topical term or geographic name entry element Television
942 ## - ADDED ENTRY ELEMENTS (KOHA)
Source of classification or shelving scheme
Koha item type Book
Holdings
Withdrawn status Lost status Source of classification or shelving scheme Damaged status Not for loan Permanent Location Current Location Shelving location Date acquired Full call number Barcode Date last seen Price effective from Koha item type Public note
          Military College of Signals (MCS) Military College of Signals (MCS) General Stacks 12/12/2016 621.388,COS MCS6814 12/08/2016 12/12/2016 Book Almirah No.84, Shelf No.4
© 2023 Central Library, National University of Sciences and Technology. All Rights Reserved.